| 000 | 00714nam a2200205 i 4500 | ||
|---|---|---|---|
| 001 | 43899 | ||
| 003 | ES-MaACL | ||
| 005 | 20251003164413.0 | ||
| 007 | t| | ||
| 008 | 030320s1859 fr ||||1| fre d | ||
| 100 | 1 |
_aCibrario, Luigi. _938745 |
|
| 245 | 1 | 0 |
_aEconomie politique du Moyen Age / _cpar Luigi Cibrario ; traduit sur la 4º ed. par M. Barneaud et précédée d'une introduction par M. Wolowski. |
| 260 |
_a[Saint Denis : _bDronard et A. Moulin], _c1859. |
||
| 300 |
_a2 v. (XLV-VIII-362 ; 350 p.) ; _c21 cm. |
||
| 700 | 1 |
_aBarneaud, Charles. _9154538 |
|
| 700 | 1 |
_aWolowski, Louis, _d1810-1876 _9154526 |
|
| 852 |
_aES-MaACL _jC-2655-56 |
||
| 852 |
_aES-MaACL _jG-12749-50 |
||
| 999 |
_c43899 _d43899 |
||